Vista normal
Vista MARC
- Ayala Rosales, Carlos
Entrada Nombre personal
Número de registros utilizados en: 1
001 - NÚMERO DE CONTROL
- campo de control: 49
003 - IDENTIFICADOR DE NÚMERO DE CONTROL
- campo de control: gtuscu
005 - FECHA Y HORA DE LA ÚLTIMA TRANSACCIÓN
- campo de control: 20251106113426.0
008 - ELEMENTOS DE DATO DE LONGITUD-FIJA
- campo de control de longitud fija: 251106|| azz||aabn | a|a d
040 ## - FUENTE DE CATALOGACIÓN
- Centro catalogador/agencia de origen: gtuscu
100 1# - ENCABEZAMIENTO-NOMBRE DE PERSONA
- Nombre de persona: Ayala Rosales, Carlos
- Término indicativo de función/relación: creador
400 1# - TRAZADO DE VÉASE--NOMBRE DE PERSONA
- Nombre de persona: Ayala R., Carlos